000 00928nam a2200205 i 4500
001 160617
003 ES-MaACL
005 20250805063307.0
008 040930s1895 po afo |||| | fre d
100 1 _aDelgado, Joaquim Filipe Nery,
_d1835-1908
_943410
245 1 0 _aNote sur l'existence d'anciens glaciers dans la Vallée du Mondégo /
_cpar J.F. Nery Delgado.
260 _aLisbonne :
_b[s.n.],
_c1895 (
_fImp. de l'Académie Royale des Sciences)
300 _a28, [2] p., [1] h. fot., [1] h. lám. ;
_c25 cm.
500 _aDatos tomados de cub.
595 _aExtrait des Communicações dos trabalhos geologicos, T. III, fasc. 1.
650 0 4 _aGlaciares-
_zPortugal.
_9136190
710 2 _aAcademia das Ciências de Lisboa.
_91159
852 _aES-MaACL
_jT-1108-F-4
_z- Enc. hol., conservando cub. original
_z. - Legado de Federico de Botella y de Hornos
_z- Enc. en un vol. facticio
999 _c160617
_d160617